|
|
|
|
| LEADER |
01216nam a22003374a 4500 |
| 001 |
EBC298453 |
| 003 |
MiAaPQ |
| 005 |
20200520144314.0 |
| 006 |
m o d | |
| 007 |
cr cn||||||||| |
| 008 |
030224s2003 ne a sb 001 0 eng |
| 020 |
|
|
|z 0127817212 (alk. paper)
|
| 035 |
|
|
|a (MiAaPQ)EBC298453
|
| 035 |
|
|
|a (Au-PeEL)EBL298453
|
| 035 |
|
|
|a (CaPaEBR)ebr10179811
|
| 035 |
|
|
|a (CaONFJC)MIL102413
|
| 035 |
|
|
|a (OCoLC)855867210
|
| 040 |
|
|
|a MiAaPQ
|c MiAaPQ
|d MiAaPQ
|
| 050 |
|
4 |
|a HG4650
|b .Z57 2003
|
| 082 |
0 |
4 |
|a 332.63/2044
|2 22
|
| 100 |
1 |
|
|a Zipf, Robert.
|
| 245 |
1 |
0 |
|a Fixed income mathematics
|h [electronic resource] /
|c Robert Zipf.
|
| 260 |
|
|
|a Amsterdam ;
|a Boston :
|b Academic Press,
|c c2003.
|
| 300 |
|
|
|a xiii, 328 p. :
|b ill.
|
| 504 |
|
|
|a Includes bibliographical references and index.
|
| 533 |
|
|
|a Electronic reproduction. Ann Arbor, MI : ProQuest, 2015. Available via World Wide Web. Access may be limited to ProQuest affiliated libraries.
|
| 650 |
|
0 |
|a Fixed-income securities
|x Mathematics.
|
| 650 |
|
0 |
|a Rate of return.
|
| 655 |
|
4 |
|a Electronic books.
|
| 710 |
2 |
|
|a ProQuest (Firm)
|
| 856 |
4 |
0 |
|u https://ebookcentral.proquest.com/lib/matrademy/detail.action?docID=298453
|z Click to View
|